STN EN 60335-2-55: 1999 (36 1055) [neplatná], Bezpečnosť elektrických spotrebičov pre domácnosť a na podobné účely Časť 2 Osobitné požiadavky na elektrické zariadenia používané v akváriach a záhradných bazénoch

Bibliographic Details
Format: Book
Language:English
PhysicalDescription:20 s.
Published: Bratislava Úrad pre normalizáciu, metrológiu a skúšobníctvo SR 1999
Subjects:

MARC

LEADER 00000cam a2200000 a 4500
001 vtls001372712
003 SK-MaSNL
005 20260301161155.0
008 160624s1999 xo f u 00000 eng
035 |a SNK000326567 
040 |a SNK  |b slo  |c SNK  |e AACR2 
041 0 |a eng 
044 |a xo  |c SK 
046 |a m  |m [19990701 (účin.)]  |n [20000901 (zruš.)] 
080 |a 621.313  |2 2011 
080 |a 331.45  |2 2011 
130 0 |a STN 36 1055 (STN EN 60335-2-55) [neplatná]  |9 523803 
245 1 0 |a STN EN 60335-2-55: 1999 (36 1055) [neplatná], Bezpečnosť elektrických spotrebičov pre domácnosť a na podobné účely  |n Časť 2  |p Osobitné požiadavky na elektrické zariadenia používané v akváriach a záhradných bazénoch 
246 1 0 |a Bezpečnosť elektrických spotrebičov pre domácnosť a na podobné účely 
246 1 0 |a Osobitné požiadavky na elektrické zariadenia používané v akváriách a v záhradných bazénoch 
260 |a Bratislava  |b Úrad pre normalizáciu, metrológiu a skúšobníctvo SR  |c 1999 
300 |a 20 s. 
500 |a [Norma je nahradená normou STN EN 60335-2-55 zo septembra 2000] 
540 |a STN vydané na akomkoľvek nosiči sa môžu rozmnožovať a rozširovať iba so súhlasom určenej právnickej osoby  |b SÚTN Bratislava  |c zákon 264/1999 Z. z. 
650 0 7 |a elektrické spotrebiče  |2 SNKPH  |9 58058 
650 0 7 |a bezpečnosť práce  |2 SNKPH  |9 1296 
650 0 7 |a technické normy a štandardy  |z Slovensko  |2 SNKPH  |9 79594 
650 0 7 |a technické normy a štandardy  |z krajiny Európskej únie  |2 SNKPH  |9 289341 
655 7 |a normy  |2 SNKPH  |9 70643 
852 |a Štátna vedecká knižnica v Banskej Bystrici 
999 |c 808439  |d 810369 
952 |t P60, <03>, [BOOK], {603}  |a SNK  |b SNK  |y PREZ  |7 0  |p 17A0203051  |o snkSTN EN 60335-2-55  |i snkN 1823/99  |0 0  |1 0  |4 0  |d 1999-09-17  |l 0  |r 2005-01-02 00:00:00  |w 2026-02-24 
952 |t P60, <04>, [BOOK], {604}  |a SNK  |b SNK  |y VYP  |7 0  |p 17A0203052  |o snkSTN EN 60335-2-55 D1  |i snkN 1824/99  |0 0  |1 0  |4 0  |d 1999-09-17  |l 0  |r 2005-01-02 00:00:00  |w 2026-02-24